Biggest US cities with exceptions - Statistics

General Stats
  • This quiz has been taken 48 times
    24 since last reset
  • The average score is 19 of 20
Answer Stats
State Population City % Correct
Colorado 735 thou Denver
100%
Arizona 1.7 mil Phoenix
100%
Washington 769 thou Seattle
100%
Massachusets 691 thou Boston
95%
Illinois 2.6 mil Chicago
95%
Nevada 662 thou Las Vegas
95%
Tennessee 671 thou Nashville
95%
New York 8.2 mil New York City
95%
Oklahoma 662 thou Oklahoma City
95%
Pennsylvania 1.5 mil Philadelphia
95%
Oregon 656 thou Portland
95%
Ohio 903 thou Columbus
91%
Michigan 665 thou Detroit
91%
Indiana 877 thou Indianapolis
91%
Tennessee 649 thou Memphis
91%
Maryland 586 thou Baltimore
86%
North Carolina 900 thou Charlotte
86%
Wisconsin 589 thou Milwaukee
86%
______________ 712 thou Washington D.C.
86%
Kentucky 618 thou Louisville
82%
No matching quizzes found
Score Distribution
Percent of People with Each Score
Percentile by Number Answered
Your Score History
You have not taken this quiz since the last reset